Star Wars Ahsoka Characters - Statistics

General Stats
  • This quiz has been taken 195 times
    173 since last reset
  • The average score is 14 of 20
Answer Stats
Hint Answer % Correct
Former Jedi who is searching for Ezra Ahsoka Tano
99%
Mandalorian rebel Sabine Wren
94%
Jedi who went missing Ezra Bridger
90%
Rebel general Hera Syndulla
88%
Ahsoka’s master Anakin Skywalker
86%
Hera’s droid Chopper
86%
Stranded Imperial leader Grand Admiral Thrawn
83%
Former Jedi turned mercenary Baylon Skoll
76%
Leia's droid who defended Hera C3PO
76%
Droid who used to help Jedi build lightsabers Huyang
72%
Chancellor of the New Republic Mon Mothma
72%
Baylon’s padawan Shin Hati
70%
Clone leader of the 332nd Captain Rex
68%
Nightsister Morgan Elsbeth
67%
Hera’s son Jacen Syndulla
61%
Inquisitor Marrok
51%
Above’s second in command Enoch
41%
Governer of Lothal Ryder Azadi
36%
New Republic pilot Carson Teva
31%
Senator who opposed Hera Hamato Xiono
28%
No matching quizzes found
Score Distribution
Percent of People with Each Score
Percentile by Number Answered
Your Score History
You have not taken this quiz since the last reset